| 000 | 00552nam a22001577a 4500 | ||
|---|---|---|---|
| 999 |
_c535721 _d535721 |
||
| 020 | _qHard Cover. | ||
| 082 | _a670.5 | ||
| 100 | _aMuhammad Raheel Asghar | ||
| 245 |
_aIMPROVING PRODUCTION USING VSM IN AN ATUMOBILE PARTS MANUFACTURING COMPANY / _cMuhammad Raheel Asghar. |
||
| 260 |
_aIslamabad : _bPNEC - NUST, _c2017. |
||
| 300 |
_a56 p. : ill. ; _c30cm. |
||
| 942 |
_2ddc _cTHE |
||
| 650 |
_aManufacturing Engineering and Management MS-Thesis. _929576 |
||
| 700 |
_aDr. Salman Nisar. _929577 |
||